000 00633nam a2200277Ia 4500
005 20260324133019.0
008 008 260324s9999 xx 000 0 eng d
020 _a9780203646083
037 _aEBOOK
040 _aCRL
040 _beng
040 _cCRL
041 _2eng
041 _aeng
084 _qCRL
100 _aTim Jacoby
_91191474
245 0 _aSocial Power and the Turkish State
260 _bTaylor and Francis
260 _c2004
365 _a
365 _b240
856 _uhttp://www.taylorfrancis.com/books/9780203646083
942 _cEBOOK
999 _c1790115
_d1790115